Library Banner

انور سدید کے خوابیدہ افسانے (Record no. 88773)

MARC details
000 -LEADER
fixed length control field 00426nam a22001457a 4500
005 - DATE AND TIME OF LATEST TRANSACTION
control field 20161116154437.0
008 - FIXED-LENGTH DATA ELEMENTS--GENERAL INFORMATION
fixed length control field 161116b xxu||||| |||| 00| 0 eng d
040 ## - CATALOGING SOURCE
Transcribing agency PK-LaUMT
082 ## - DEWEY DECIMAL CLASSIFICATION NUMBER
Classification number RHC 891.4393
Item number ZOA-A
100 ## - MAIN ENTRY--PERSONAL NAME
Personal name ذوالفقار احسن
245 ## - TITLE STATEMENT
Title انور سدید کے خوابیدہ افسانے
Statement of responsibility, etc ذوالفقار احسن
260 ## - PUBLICATION, DISTRIBUTION, ETC. (IMPRINT)
Place of publication, distribution, etc سرگودھا
Name of publisher, distributor, etc نقش گر
Date of publication, distribution, etc 2015
300 ## - PHYSICAL DESCRIPTION
Extent 160 ص
942 ## - ADDED ENTRY ELEMENTS (KOHA)
Koha item type Books
Holdings
Withdrawn status Lost status Damaged status Home library Current library Date acquired Full call number Barcode Date last seen Price effective from Koha item type
      UMT Main Campus UMT Main Campus 2016-11-16 RHC 891.4393 ZOA-A 102942 2017-11-30 2016-11-16 Books